000 00954cam a22003134a 4500
001 11825501
003 OSt
005 20140310181910.0
008 991027s2000 enka 001 0 eng
010 _a 99054222
040 _aDLC
_cDLC
_dDLC
042 _apcc
050 0 0 _aTK 5105.888
_b.W931 2000
082 0 0 _aTR 004.02E
_221
_bW89 2000
100 1 _aWorsley, Tim.
245 1 0 _aBuilding a website /
_cTim Worsley.
250 _a1st American ed.
260 _aNew York :
_bDK Pub.,
_cc2000.
300 _a72 p. :
_bcol. ill. ;
_c18 cm.
440 0 _aEssential computers.
_pInternet
500 _aIncludes index.
521 _aFaculty
541 _j1
562 _e1
650 0 _aWeb sites
_xDesign.
906 _a7
_bcbc
_corignew
_d1
_eocip
_f19
_gy-gencatlg
942 _2lcc
_cBK-TR
_kTR
999 _c6478
_d6478